| 000 | 00358nam a2200157Ia 4500 | ||
|---|---|---|---|
| 008 | 230917s9999||||xx |||||||||||||| ||und|| | ||
| 020 | _cRS220 | ||
| 040 |
_e33671 _aMAIN |
||
| 041 | _aEnglish | ||
| 082 | _a891.4209 G41S | ||
| 100 | _aGill, Tirlochan Singh | ||
| 245 | 0 | _aSikh itihas | |
| 260 |
_aDelhi _bWellwish _c1998 |
||
| 300 | _a199 p. | ||
| 942 | _cBK | ||
| 999 |
_c87795 _d87795 |
||